| 000 | 01042cam a22002897a 4500 | ||
|---|---|---|---|
| 999 |
_c12742 _d12742 |
||
| 003 | EG-ScBUE | ||
| 005 | 20200122110535.0 | ||
| 008 | 090817s2003 ua f 000 p ara d | ||
| 017 | _a2003/8082 | ||
| 020 | _a9773054365 | ||
| 040 |
_aEG-SCBuE _bara _erda _dEG-SCBuE _cEG-SCBuE |
||
| 082 | 0 | 4 |
_a892.71609 _bع زي _222 |
| 100 | 1 |
_aعبد العزيز، عصام، _eمؤلف. _913659 |
|
| 245 | 1 | 0 |
_aمشاهد من دفتر الذاكرة : _bشعر / _cعصام عبد العزيز. |
| 250 | _aالطبعة الأولى. | ||
| 264 | 1 |
_aالقاهرة : _bالهيئة العامة لقصور الثقافة، _c2003. |
|
| 300 |
_a109 صفحة ؛ _c22 سم. |
||
| 336 |
_2rdacontent _aنص _btxt |
||
| 337 |
_2rdamedia _aبدون وسيط _bn |
||
| 338 |
_2rdacarrier _aمجلد _bnc |
||
| 490 | 0 |
_aإبداعات ؛ _v177 |
|
| 590 | _aAsmaa mohamed | ||
| 650 | 7 |
_97996 _aالشعر العربي _vدواوين وقصائد _yالعصر الحديث. _2BUEsh |
|
| 653 |
_bARALIT _cJanuary2020 |
||
| 655 | _vReading book | ||
| 942 |
_2ddc _cBB |
||